000
00225nam a22000857a 4500
008
161206b xxu||||| |||| 00| 0 eng d
100
_9
1873
_a
Aakash
245
_a
Chemistry question bank
260
_a
New delhi
_b
Aakash institute
_c
2006
999
_c
4621
_d
4621